|
|
|
|
| LEADER |
00000nam0a2200000 4500 |
| 001 |
92645 |
| 005 |
20231101213835.0 |
| 035 |
|
|
|a (RuTPU)RU\TPU\book\99250
|
| 090 |
|
|
|a 92645
|
| 100 |
|
|
|a 20060316d1972 km y0rusy50 ca
|
| 101 |
1 |
|
|a rus
|c eng
|
| 102 |
|
|
|a RU
|
| 105 |
|
|
|a a z 001zy
|
| 200 |
1 |
|
|a Алюминий. Металловедение, обработка и применение алюминиевых сплавов
|e пер. с англ.
|f под ред. А. Т. Туманова; В. А. Квасова; И. Н. Фридляндера
|
| 210 |
|
|
|a Москва
|c Металлургия
|d 1972
|
| 215 |
|
|
|a 664 с.
|c ил.
|
| 300 |
|
|
|a Доп. тит. л. на англ. яз.
|
| 320 |
|
|
|a Библиогр. в конце гл.
|
| 606 |
|
|
|a Алюминий
|x Металловедение
|2 stltpush
|3 (RuTPU)RU\TPU\subj\21946
|9 46853
|
| 610 |
1 |
|
|a металловедение
|
| 610 |
1 |
|
|a сплавы
|
| 610 |
1 |
|
|a термическая обработка
|
| 610 |
1 |
|
|a коррозионная стойкость
|
| 610 |
1 |
|
|a плавка
|
| 610 |
1 |
|
|a литье
|
| 610 |
1 |
|
|a обработка резанием
|
| 610 |
1 |
|
|a сварка
|
| 675 |
|
|
|a 669.71
|v 3
|
| 702 |
|
1 |
|a Туманов
|b А. Т.
|4 340
|
| 702 |
|
1 |
|a Квасов
|b В. А.
|4 340
|
| 702 |
|
1 |
|a Фридляндер
|b И. Н.
|4 340
|
| 801 |
|
1 |
|a RU
|b 63413507
|c 20060316
|g PSBO
|
| 801 |
|
2 |
|a RU
|b 63413507
|c 20170913
|g PSBO
|
| 942 |
|
|
|c BK
|